000 00415nam a22001697a 4500
005 20180131123528.0
008 160628b xxu||||| |||| 00| 0 eng d
020 _a81-89757-27-X
041 _aeng
082 _b11674
_a004.16
100 _aSharma, Neelam
_93097
245 _aMicroprocessors and Interfacing
260 _bKatson Books
_c2012
300 _a838
650 _aDiploma Engineering
_9817
942 _cBK
999 _c4522
_d4521